<?xml version="1.0" encoding="UTF-8"?>
<record
    xmlns:xsi="http://www.w3.org/2001/XMLSchema-instance"
    xsi:schemaLocation="http://www.loc.gov/MARC21/slim http://www.loc.gov/standards/marcxml/schema/MARC21slim.xsd"
    xmlns="http://www.loc.gov/MARC21/slim">

  <leader>00723nam a2200205Ia 4500</leader>
  <controlfield tag="001">50246</controlfield>
  <controlfield tag="003">OSt</controlfield>
  <controlfield tag="005">20150622123440.0</controlfield>
  <controlfield tag="008">140502s9999    xx            000 0 und d</controlfield>
  <datafield tag="020" ind1=" " ind2=" ">
    <subfield code="a">9693519396</subfield>
  </datafield>
  <datafield tag="040" ind1=" " ind2=" ">
    <subfield code="c">PK-LaUMT</subfield>
  </datafield>
  <datafield tag="082" ind1=" " ind2=" ">
    <subfield code="a"> 954.0317</subfield>
    <subfield code="b">KAN-T</subfield>
  </datafield>
  <datafield tag="100" ind1=" " ind2=" ">
    <subfield code="a">Kanhayya Laal, Pandit(&#x6A9;&#x646;&#x6C1;&#x6CC;&#x627; &#x644;&#x627;&#x644;&#x60C; &#x67E;&#x646;&#x688;&#x62A;)</subfield>
  </datafield>
  <datafield tag="245" ind1=" " ind2=" ">
    <subfield code="a">Tareekh baghawat-i-Hind 1857 (Muharab-i-azeem) (Urdu)(&#x62A;&#x627;&#x631;&#x6CC;&#x62E; &#x628;&#x63A;&#x627;&#x648;&#x62A; &#x6C1;&#x646;&#x62F; 1857)</subfield>
    <subfield code="c">Kanhayya Laal, Pandit(&#x6A9;&#x646;&#x6C1;&#x6CC;&#x627; &#x644;&#x627;&#x644; &#x60C; &#x67E;&#x646;&#x688;&#x62A;)</subfield>
  </datafield>
  <datafield tag="260" ind1=" " ind2=" ">
    <subfield code="a">Lahore,Pakistan:(&#x644;&#x627;&#x6C1;&#x648;&#x631;&#x60C; &#x67E;&#x627;&#x6A9;&#x633;&#x62A;&#x627;&#x646;)</subfield>
    <subfield code="b">Sang-e-Meel Publications,(&#x633;&#x646;&#x6AF; &#x645;&#x6CC;&#x644; &#x67E;&#x628;&#x644;&#x6CC;&#x6A9;&#x6CC;&#x634;&#x646;&#x632;)</subfield>
    <subfield code="c">2007</subfield>
  </datafield>
  <datafield tag="300" ind1=" " ind2=" ">
    <subfield code="a">272 p.</subfield>
  </datafield>
  <datafield tag="546" ind1=" " ind2=" ">
    <subfield code="a">UR</subfield>
  </datafield>
  <datafield tag="650" ind1=" " ind2=" ">
    <subfield code="a">History-Indian mutiny (1857)</subfield>
  </datafield>
  <datafield tag="942" ind1=" " ind2=" ">
    <subfield code="c">BK</subfield>
    <subfield code="2">ddc</subfield>
  </datafield>
  <datafield tag="999" ind1=" " ind2=" ">
    <subfield code="c">47908</subfield>
    <subfield code="d">47908</subfield>
  </datafield>
  <datafield tag="952" ind1=" " ind2=" ">
    <subfield code="0">0</subfield>
    <subfield code="1">0</subfield>
    <subfield code="4">0</subfield>
    <subfield code="7">0</subfield>
    <subfield code="a">01</subfield>
    <subfield code="b">01</subfield>
    <subfield code="d">2014-05-02</subfield>
    <subfield code="l">0</subfield>
    <subfield code="o"> 954.0317 KAN-T</subfield>
    <subfield code="p">60249</subfield>
    <subfield code="r">2015-06-22 00:00:00</subfield>
    <subfield code="w">2014-05-08</subfield>
    <subfield code="y">BK</subfield>
  </datafield>
</record>
